Prílišná demografická rozdrobenosť Slovenska perspektívnym riešením problému medziobecná spolupráca

Nepriaznivá sídelná štruktúra a prílišná demografická rozdrobenosť Slovenska. Spolupráca obcí ako riešenie. Právna úprava medziobecnej spolupráce. Katalóg foriem spolupráce. Kompetencie štátnych orgánov. Ústavnoprávne aspekty medziobecnej spolupráce.

Gespeichert in:
Bibliographische Detailangaben
1. Verfasser: Deckerová, Veronika
Format: Buchkapitel
Sprache:Slowakisch
Schlagworte:
Tags: Tag hinzufügen
Keine Tags, Fügen Sie das erste Tag hinzu!

MARC

LEADER 00000naa a2200000 4500
001 r038534
005 20230824105208.9
041 0 |a slo 
044 |a SK 
245 1 0 |a Prílišná demografická rozdrobenosť Slovenska  |b perspektívnym riešením problému medziobecná spolupráca  |c Veronika Deckerová 
520 |a Nepriaznivá sídelná štruktúra a prílišná demografická rozdrobenosť Slovenska. Spolupráca obcí ako riešenie. Právna úprava medziobecnej spolupráce. Katalóg foriem spolupráce. Kompetencie štátnych orgánov. Ústavnoprávne aspekty medziobecnej spolupráce. 
610 2 0 |a správa verejná 
610 2 0 |a samospráva 
610 2 0 |a samospráva regionálna 
610 2 0 |a obce 
610 2 0 |a kooperácia 
610 2 0 |a demografia 
610 2 0 |a osídlenie 
610 2 0 |a úpravy právne 
610 2 0 |a orgány štátne 
610 2 0 |a Slovensko 
100 1 |a Deckerová, Veronika